Zindagī gulzār hai / (Record no. 535355)
[ view plain ]
| 000 -LEADER | |
|---|---|
| fixed length control field | 01461cam a22003617a 4500 |
| 001 - CONTROL NUMBER | |
| control field | 16607782 |
| 003 - CONTROL NUMBER IDENTIFIER | |
| control field | NUST |
| 005 - DATE AND TIME OF LATEST TRANSACTION | |
| control field | 20200904101726.0 |
| 008 - FIXED-LENGTH DATA ELEMENTS--GENERAL INFORMATION | |
| fixed length control field | 110112s2010 pk 000 1 urd |
| 010 ## - LIBRARY OF CONGRESS CONTROL NUMBER | |
| LC control number | 2010344966 |
| 025 ## - OVERSEAS ACQUISITION NUMBER | |
| Overseas acquisition number | P-U-2010344966; 11 |
| 037 ## - SOURCE OF ACQUISITION | |
| Source of stock number/acquisition | Library of Congress -- Islamabad Overseas Office |
| Terms of availability | Rs. 300.00 |
| 038 ## - RECORD CONTENT LICENSOR | |
| Staff Name | MSOHAIL |
| 040 ## - CATALOGING SOURCE | |
| Original cataloging agency | DLC |
| Transcribing agency | DLC |
| 042 ## - AUTHENTICATION CODE | |
| Authentication code | lcode |
| 050 00 - LIBRARY OF CONGRESS CALL NUMBER | |
| Classification number | MLCMA 2010/00052 (P) |
| 066 ## - CHARACTER SETS PRESENT | |
| Alternate G0 or G1 character set | (3 |
| -- | (4 |
| 082 ## - DEWEY DECIMAL CLASSIFICATION NUMBER | |
| Classification number | 891.4392 |
| Author Mark | AHM |
| 100 1# - MAIN ENTRY--PERSONAL NAME | |
| Linkage | 880-01 |
| Personal name | Aḥmad, ʻUmairah, |
| Dates associated with a name | 1976- |
| 9 (RLIN) | 738 |
| 245 10 - TITLE STATEMENT | |
| Linkage | 880-02 |
| Title | Zindagī gulzār hai / |
| Statement of responsibility, etc. | ʻUmairah Aḥmad. |
| 250 ## - EDITION STATEMENT | |
| Linkage | 880-03 |
| Edition statement | Tarmīm va iz̤āfah shudah aiḍīshan |
| 260 ## - PUBLICATION, DISTRIBUTION, ETC. | |
| Linkage | 880-04 |
| Place of publication, distribution, etc. | Lāhaur : |
| Name of publisher, distributor, etc. | ʻIlm va ʻIrfān Pablisharz; |
| Place of publication, distribution, etc. | Rāvalpinḍī : |
| Name of publisher, distributor, etc. | Milne [kā patah], Kitāb Ghar, |
| Date of publication, distribution, etc. | 2010. |
| 300 ## - PHYSICAL DESCRIPTION | |
| Extent | 184 p. ; |
| Dimensions | 25 cm. |
| 500 ## - GENERAL NOTE | |
| General note | Novel. |
| 546 ## - LANGUAGE NOTE | |
| Language note | In Urdu. |
| 880 1# - ALTERNATE GRAPHIC REPRESENTATION | |
| Linkage | 100-01/(3/r |
| Title | احمد، عميره، |
| d | 1976- |
| 880 10 - ALTERNATE GRAPHIC REPRESENTATION | |
| Linkage | 245-02/(3/r |
| Title | زندگى گلزار هے / |
| c | عميره احمد. |
| 880 ## - ALTERNATE GRAPHIC REPRESENTATION | |
| Linkage | 250-03/(3/r |
| Title | ترميم و اضافه شده ايڈيشن |
| 880 ## - ALTERNATE GRAPHIC REPRESENTATION | |
| Linkage | 260-04/(3/r |
| Title | لاهور : |
| b | علم و عرفان پبلشرز؛ |
| Title | راولپنڈى : |
| b | ملنے [کا پته]، کتاب گھر، |
| c | 2010. |
| 906 ## - LOCAL DATA ELEMENT F, LDF (RLIN) | |
| a | 7 |
| b | cbc |
| c | origode |
| d | 4 |
| e | ncip |
| f | 20 |
| g | y-nonroman |
| 942 ## - ADDED ENTRY ELEMENTS (KOHA) | |
| Source of classification or shelving scheme | |
| Koha item type | Book |
| Withdrawn status | Lost status | Source of classification or shelving scheme | Damaged status | Not for loan | Permanent Location | Current Location | Date acquired | Total Checkouts | Full call number | Barcode | Date last seen | Date last checked out | Price effective from | Koha item type |
|---|---|---|---|---|---|---|---|---|---|---|---|---|---|---|
| School of Civil and Environmental Engineering (SCEE) | School of Civil and Environmental Engineering (SCEE) | 09/04/2020 | 1 | 891.4392 AHM | NIT-13188 | 04/13/2023 | 02/07/2023 | 09/04/2020 | Book |
